Best of graphis typography /

Selección de ejemplos sobre el uso de la tipografía como elemento del diseño gráfico. Incluye fichas técnicas de los trabajos.

Uloženo v:
Podrobná bibliografie
Médium: Kniha
Jazyk:angličtina
Témata:
Tagy: Přidat tag
Žádné tagy, Buďte první, kdo vytvoří štítek k tomuto záznamu!

MARC

LEADER 00000nam^a2200000^a^4500
001 000038881
005 20250521000000.0
009 20260310085522.753
020 |a 981-00-4770-3 
037 |a Acervo ITESO - Biblioteca 
041 |a ING 
082 |a 686. 224  |b BES 
245 1 0 |a Best of graphis typography / 
264 |a Singapur :  |b Page One,  |c 1993 
300 |a 76 p. 
336 |a texto  |b txt  |2 rdacontenido 
337 |a sin mediación  |b n  |2 rdamedio 
338 |a volumen  |b nc  |2 rdasoporte 
520 |a Selección de ejemplos sobre el uso de la tipografía como elemento del diseño gráfico. Incluye fichas técnicas de los trabajos. 
649 |a XX 
650 |a Comunicación Visual 
650 |a Diseño Gráfico 
650 |a Tipografía 
650 |a Comunicación Visual 
910 |a Fondo General 
920 |a Impresos - Libros 
930 |a Colección General 
905 |a 101 
901 |a 0388810100  |b IT1  |c ACC  |i 038881  |u 20250521 
902 |a https://opac.biblio.iteso.mx/vufind/Record/000038881